01387cam a2200373 a 450000100090000000300040000900500170001300800410003001000170007102000150008804000180010304200090012105000260013010000260015624500490018225000170023126000490024830000300029752100070032752600090033465000370034365000320038065000320041265000290044465000330047365000280050685601060053485600910064085600810073190600450081294200200085799900170087795201190089413893371OSt20140310184236.0050309r20052004maua c 000 1 eng  a 2005045787 a0545001862 aDLCcDLCdDLC alcac00aPZ 7 b.C4383Cla 20071 aChild, Lauren.92945210aClarice Bean spells trouble /cLauren Child. a1st U.S. ed. aCambridge, Mass. :bCandlewick Press,c2007. a188 p. :bill. ;c20 cm. aG9 c1040 1aConduct of lifevFiction.929453 1aFriendshipvFiction.929454 1aAuthorshipvFiction.929455 1aSchoolsvFiction.929456 1aFamily lifevFiction.929457 1aHumorous stories.93831423Contributor biographical informationuhttp://www.loc.gov/catdir/enhancements/fy0664/2005045787-b.html423Publisher descriptionuhttp://www.loc.gov/catdir/enhancements/fy0664/2005045787-d.html413Sample textuhttp://www.loc.gov/catdir/enhancements/fy0664/2005045787-s.html a7bcbccorignewd1eocipf20gy-gencatlg 2lcccBK-SCHOLAS c33203d33203 00102lcc40aLUXbLUXcSCHOd2012-03-17l0oPZ 7 .C4383Cla 2007pSCHO0110r2017-04-18 00:00:00t1w2014-01-30yBK